States by 'B' Cities Quiz Stats

 Plays Quiz Updated Dec 27, 2018

Support Sporcle.
Go Orange.
Score 0/18 Timer 04:00
4 Plays Today
% Correct
Massachusetts
95.6%
Louisiana
94.6%
Maryland
93.4%
New York
93.4%
California
92.5%
Colorado
91.5%
Florida
87.2%
Montana
82.2%
Maine
81.7%
% Correct
Connecticut
80.8%
Texas
73.3%
Oregon
72.8%
Oklahoma
70.2%
Michigan
68.5%
Washington
66.3%
Arkansas
59.4%
Wisconsin
54.1%
New Jersey
53.8%

You're not logged in!

Compare scores with friends on all Sporcle quizzes.
OR
Log In

From the Vault

I'd Like You To Meet My Neighbors...

by MrChewypoo

Mr. Rogers said it right the first time: 'Would you be mine? Could you be mine? Won't you be my neighbor?'
Remove Ads.
Support Sporcle.
Get the best of Sporcle when you Go Orange. This ad-free experience offers more features, more stats, and more fun while also helping to support Sporcle. Thank you for becoming a member.

Show Comments

Extras

Top Quizzes Today


Score Distribution

Your Account Isn't Verified!

In order to create a playlist on Sporcle, you need to verify the email address you used during registration. Go to your Sporcle Settings to finish the process.

Report this User

Report this user for behavior that violates our Community Guidelines.

Details: